[Event "TCh-AUT 2 East 2012-13"]
[Site "Austria AUT"]
[Date "2013.03.09"]
[Round "8.6"]
[White "Neff,G"]
[Black "Salamon,W"]
[Result "1-0"]
[WhiteElo "2133"]
[BlackElo "2133"]

1.d4 Nf6 2.Nf3 d5 3.c4 e6 4.g3 Be7 5.Bg2 O-O 6.O-O c5 7.cxd5 exd5 8.Nc3 Nc6
9.Bg5 cxd4 10.Nxd4 h6 11.Be3 Re8 12.Rc1 Bf8 13.h3 Bd7 14.Nxd5 Nxd5 15.Bxd5 Nxd4
16.Qxd4 Bxh3 17.Rfd1 Qa5 18.Bxb7 Rad8 19.Qxa7 Qxa7 20.Bxa7 Rxd1+ 21.Rxd1 Re7
22.Bc5 Rxb7 23.Rd8 Kh7 24.Rxf8 Be6 25.b3 Rc7 26.b4 Bxa2 27.f4 Rd7 28.Kf2 Rd2
29.Re8 Bc4 30.g4 Kg6 31.f5+ Kh7 32.Re4 Bb5 33.Re7 Bc4 34.Kf3 Rc2 35.Bd4 Rc1
36.Kf2 Bd5 37.b5 Rc4 38.Ke3 Rb4 39.b6 Rb3+ 40.Kf2 Rb4 41.Ke3 Rb3+ 42.Kd2 Rg3
43.Rd7 Bc4 44.b7 Rb3 45.Be5  1-0

[Event "Karpos Open 2013"]
[Site "Skopje MKD"]
[Date "2013.03.10"]
[Round "3.5"]
[White "Sumets,A"]
[Black "Drenchev,P"]
[Result "1/2-1/2"]
[WhiteElo "2620"]
[BlackElo "2491"]

1.d4 Nf6 2.c4 e6 3.g3 d5 4.Nf3 Be7 5.Bg2 O-O 6.Qc2 dxc4 7.Qxc4 a6 8.Bf4 Nd5
9.Nc3 Nxf4 10.gxf4 Nd7 11.Qd3 c5 12.O-O cxd4 13.Qxd4 Qa5 14.Qa4 Qxa4 15.Nxa4 Ra7
16.Rac1 b5 17.Nd4 Nb8 18.Nb6 Bd7 19.Rfd1 Bd8 20.Nxd7 Rxd7 21.b4 Be7 22.a3 Rfd8
23.e3 g5 24.Bf3 gxf4 25.Kf1 fxe3 26.fxe3 Bf6 27.Ke2 Kf8 28.h3 Ke7 29.Nc6+ Nxc6
30.Rxd7+  1/2-1/2

[Event "TCh-LTU 2013"]
[Site "Vilnius LTU"]
[Date "2013.03.10"]
[Round "6.1"]
[White "Sulskis,S"]
[Black "Vaznonis,V"]
[Result "1-0"]
[WhiteElo "2550"]
[BlackElo "2394"]

1.c4 e6 2.g3 d5 3.Bg2 Nf6 4.Nf3 Be7 5.d4 O-O 6.O-O b6 7.cxd5 exd5 8.Qc2 Be6
9.Nc3 c5 10.Ne5 cxd4 11.Nb5 Qc8 12.Qxc8 Rxc8 13.Nxd4 Bd6 14.Bf4 Bxe5 15.Bxe5 Nc6
16.Bxf6 gxf6 17.Nc2 Rd8 18.Rfd1 Rac8 19.Rd2 Ne5 20.b3 Rd7 21.Rad1 a5 22.h3 a4
23.f4 axb3 24.axb3 Ng6 25.Nd4 Ne7 26.Kf2 Rdc7 27.g4 f5 28.gxf5 Nxf5 29.Nxf5 Bxf5
30.Rxd5 Rc5 31.b4 Rc2 32.Rxf5  1-0

[Event "Karpos Open 2013"]
[Site "Skopje MKD"]
[Date "2013.03.11"]
[Round "4.40"]
[White "Tosic,M"]
[Black "Jankov,D"]
[Result "1-0"]
[WhiteElo "2408"]
[BlackElo "2207"]

1.d4 Nf6 2.c4 e6 3.Nf3 d5 4.g3 Be7 5.Bg2 O-O 6.O-O dxc4 7.Qa4 Qd5 8.Nc3 Qc6
9.Qc2 Nbd7 10.a4 Nb6 11.Ne5 Qe8 12.a5 Nbd5 13.Nxc4 a6 14.e4 Nxc3 15.bxc3 Bd7
16.Ne5 c5 17.d5 exd5 18.exd5 Qd8 19.Re1 Ne8 20.Nc4 Nd6 21.Nb6 Rb8 22.Bf4 Bf5
23.Qb3 Bf6 24.Rac1 g5 25.Be3 Qc7 26.Qa3 c4 27.Bc5 Rfd8 28.Bxd6 Rxd6 29.Nxc4 Rdd8
30.Qb4 Bd3 31.Nb6 Bf5 32.c4 Re8 33.d6 Qd8 34.Nd5 Re6 35.c5 Kg7 36.Rxe6 Bxe6
37.Nxf6 Kxf6 38.Bxb7  1-0

[Event "86th ch-St Petersburg"]
[Site "St Petersburg RUS"]
[Date "2013.03.11"]
[Round "1.3"]
[White "Goganov,A"]
[Black "Lobanov,Sergei"]
[Result "1/2-1/2"]
[WhiteElo "2556"]
[BlackElo "2148"]

1.d4 d5 2.Nf3 Nf6 3.c4 e6 4.g3 Be7 5.Bg2 O-O 6.O-O Nbd7 7.Qc2 c5 8.cxd5 Nxd5
9.Rd1 cxd4 10.Nxd4 N7f6 11.e4 Nb4 12.Qe2 Qc7 13.Nc3 a6 14.Be3 e5 15.Nf5 Bxf5
16.exf5 Rad8 17.Rxd8 Rxd8 18.Rd1 Nc6 19.Rxd8+ Bxd8 20.Qf3 Qd6 21.Qd1 Nd4
22.g4 h6 23.h3 b5 24.Qd2 Bc7 25.Ne4 Nxe4 26.Bxe4 a5 27.Kg2 a4 28.h4 Bd8 29.g5 hxg5
30.hxg5 g6 31.f6 Qe6 32.f3 Bc7 33.a3 Nf5 34.Bf2 Nd4 35.Qd3 Kh7 36.Qc3 Qd6
37.Qd3 Qe6 38.Qd1 Kg8 39.Qd2 Qd6 40.Be3 Qe6 41.Qb4 Bd6 42.Qa5 Kh7 43.Qd8 Ne2
44.Kf2 Nf4 45.Bxf4 exf4 46.Qb6 Qe5 47.Kf1  1/2-1/2

[Event "FIDE Women's World Teams"]
[Site "Astana KAZ"]
[Date "2013.03.12"]
[Round "9.1"]
[White "Ju Wenjun"]
[Black "Karavade,E"]
[Result "1-0"]
[WhiteElo "2505"]
[BlackElo "2387"]

1.d4 e6 2.c4 Nf6 3.g3 d5 4.Nf3 Be7 5.Bg2 O-O 6.O-O dxc4 7.Qc2 a6 8.a4 Bd7
9.Rd1 Bc6 10.Nc3 Bxf3 11.Bxf3 Nc6 12.Bxc6 bxc6 13.Bg5 Rb8 14.Rac1 h6 15.Bxf6 Bxf6
16.Ne4 Qd5 17.Nxf6+ gxf6 18.e4 Qh5 19.Qxc4 Rxb2 20.Qxc6 Qf3 21.Rf1 Rd8 22.Rc3 Qh5
23.Qxc7 Rxd4 24.Qe7 Rd1 25.Qxf6 Rxf1+ 26.Kxf1 Qe2+ 27.Kg2 Qxe4+ 28.Rf3 Rb7
29.Qxh6 Rb4 30.Qg5+ Qg6 31.Qa5 Qe4 32.Qd8+ Kh7 33.Qf6 Rb7 34.h3 Qg6 35.Qd4 f5
36.Rf4 Qg7 37.Qd8 Rb1 38.Kh2 Kg6 39.Qc8 Qb7 40.Qxe6+ Kg7 41.g4 Qh1+ 42.Kg3 Rg1+
43.Kh4 Rxg4+ 44.Rxg4+ fxg4 45.Qxg4+ Kh7 46.Qf5+ Kg7 47.Qe5+ Kh7 48.a5 Qf1
49.f4 Qf2+ 50.Kg5 Qg3+ 51.Kf6 Qg6+ 52.Ke7 Qd3 53.Kf8  1-0

[Event "13th European Seniors"]
[Site "Plovdiv BUL"]
[Date "2013.03.12"]
[Round "2"]
[White "Mortensen,S"]
[Black "Andersson,Finn"]
[Result "1-0"]
[WhiteElo "2049"]
[BlackElo "1879"]

1.d4 e6 2.c4 Nf6 3.g3 d5 4.Bg2 Be7 5.Nf3 O-O 6.O-O b6 7.Qc2 Bb7 8.Bf4 Nbd7
9.Nc3 Rc8 10.cxd5 Nxd5 11.Nxd5 exd5 12.Qa4 a6 13.Bh3 b5 14.Qb3 Ra8 15.Qc2 c5
16.Bxd7 Qxd7 17.dxc5 Bf6 18.Be5 Bxe5 19.Nxe5 Qe6 20.Nf3 f5 21.Nd4 Qe5 22.e3 Rf6
23.Rac1 Rff8 24.Qd3 b4 25.c6 Bc8 26.f4 Qc7 27.Nf3 Rd8 28.Ne5 Rd6 29.Rfd1 a5
30.Qd4 Ba6 31.Qc5 Bc8 32.Rd4 Be6 33.a3 bxa3 34.Qxa3 Rb8 35.Ra4 d4 36.Rxd4 Rxd4
37.exd4  1-0

[Event "Karpos Open 2013"]
[Site "Skopje MKD"]
[Date "2013.03.13"]
[Round "6.53"]
[White "Tratar,M"]
[Black "Glavinac,G"]
[Result "1-0"]
[WhiteElo "2512"]
[BlackElo "2159"]

1.c4 Nf6 2.g3 e6 3.Bg2 d5 4.d4 Be7 5.Nf3 O-O 6.Qc2 c5 7.O-O cxd4 8.Nxd4 Nc6
9.Nxc6 bxc6 10.b3 Bb7 11.Bb2 Qb6 12.Nd2 Rfd8 13.Rac1 Ne8 14.Nf3 a5 15.c5 Qa7
16.Ne5 f6 17.Nd3 Nc7 18.f4 Rab8 19.Bd4 Ba6 20.Nb2 Bb5 21.Rfe1 a4 22.e4 axb3
23.axb3 Bf8 24.exd5 exd5 25.Bh3 Na6 26.Bf5 h6 27.Be6+ Kh8 28.Qg6 Bxc5 29.Rxc5 Re8
30.Rxd5 c5 31.Bxf6 gxf6 32.Qxh6+ Qh7 33.Qxf6+  1-0

[Event "13th European Seniors"]
[Site "Plovdiv BUL"]
[Date "2013.03.14"]
[Round "4"]
[White "Kurka,Dieter"]
[Black "Johnsen,Oystein"]
[Result "0-1"]
[WhiteElo "2079"]
[BlackElo "1951"]

1.d4 Nf6 2.c4 e6 3.g3 d5 4.Bg2 Be7 5.Nf3 O-O 6.O-O dxc4 7.Qc2 c6 8.Qxc4 Nbd7
9.Nc3 Re8 10.Rd1 Nf8 11.e4 Bd7 12.Bg5 Rc8 13.e5 Nd5 14.Bxe7 Qxe7 15.Ne4 Red8
16.Nd6 Rb8 17.Rac1 Be8 18.Qc5 Nb6 19.Nd2 f5 20.b3 Bh5 21.Re1 Nfd7 22.Qc2 Nd5
23.a4 g5 24.Bxd5 cxd5 25.f3 Bg6 26.Qc7 f4 27.Nxb7 fxg3 28.hxg3 Rf8 29.Nc5 Be8
30.Qd6 Qf7 31.Nxe6 Rb6 32.Qxf8+ Nxf8 33.Nxg5 Qf5 34.f4 Rg6 35.Kg2 h6 36.Ngf3 Qxf4
37.Nf1 Bd7 38.Rc7 Bh3+ 39.Kf2 Qg4 40.N1h2 Qxg3+  0-1

[Event "Karpos Open 2013"]
[Site "Skopje MKD"]
[Date "2013.03.14"]
[Round "7.7"]
[White "Sumets,A"]
[Black "Mastrovasilis,A"]
[Result "1/2-1/2"]
[WhiteElo "2620"]
[BlackElo "2497"]

1.Nf3 Nf6 2.c4 e6 3.g3 d5 4.d4 Be7 5.Bg2 O-O 6.Qc2 c5 7.dxc5 Qa5+ 8.Nbd2 Qxc5
9.a3 a5 10.b3 b5 11.Bb2 bxc4 12.bxc4 Nbd7 13.Nd4 Ba6 14.O-O Rac8 15.Rfc1 dxc4
16.Bc3 Rfd8 17.e3 Nb6 18.N4f3 Nbd5 19.Bd4 Qc7 20.Bf1 Qb7  1/2-1/2

[Event "TCh-CAT Div Hon 2013"]
[Site "Catalonia ESP"]
[Date "2013.03.16"]
[Round "9.9"]
[White "Arias Boo,G"]
[Black "Luna Cortes,L"]
[Result "1-0"]
[WhiteElo "2331"]
[BlackElo "2144"]

1.d4 d5 2.c4 e6 3.Nf3 Nf6 4.g3 Be7 5.Bg2 c6 6.O-O Nbd7 7.Qc2 O-O 8.Rd1 Ne4
9.b3 f5 10.Ba3 Nd6 11.Nbd2 Qa5 12.Qc1 a6 13.Ne5 Nf6 14.Bc5 Re8 15.a4 Nf7
16.b4 Qc7 17.Nxf7 Kxf7 18.a5 Bd8 19.Bb6 Qe7 20.Bxd8 Qxd8 21.Qc3 Bd7 22.Nf3 Kg8
23.Ne5 Re7 24.f3 Be8 25.Re1 Nd7 26.Nd3 Bf7 27.Rad1 Rc8 28.e4 dxc4 29.Nb2 fxe4
30.fxe4 e5 31.Nxc4 Qc7 32.Bh3 Be6 33.Bxe6+ Rxe6 34.Qb3 Nf8 35.Nb6 Rd8 36.d5 cxd5
37.exd5 Ree8 38.Re4 Kh8 39.Qe3 Nd7 40.d6 Qc2 41.Rc1 Qb2 42.Na4 Qa2 43.Nc5 Nf6
44.Nxb7 Nxe4 45.Nxd8 Nxd6 46.Nc6 Qd5 47.Qc5 Qd2 48.Qc3 Qd5 49.Qc5 Qd2 50.Rf1 e4
51.Nd4 Qh6 52.Nf5 Nxf5 53.Rxf5 Kg8 54.Qd5+ Qe6 55.Kf2 e3+ 56.Ke2 g6 57.Re5 Qxd5
58.Rxd5 Re6 59.Rd7 Re4 60.b5 axb5 61.a6 Ra4 62.a7  1-0

[Event "Minnesota Closed 2013"]
[Site "Minneapolis USA"]
[Date "2013.03.16"]
[Round "3"]
[White "Nagle,S"]
[Black "Riester,Scott M"]
[Result "1-0"]
[WhiteElo "2394"]
[BlackElo "2275"]

1.Nf3 Nf6 2.c4 e6 3.g3 d5 4.d4 Be7 5.Bg2 O-O 6.O-O dxc4 7.Qc2 a6 8.a4 Bd7
9.Rd1 Bc6 10.Nc3 Bb4 11.Bg5 h6 12.Bxf6 Qxf6 13.e4 Bxc3 14.bxc3 b6 15.Ne5 Bb7
16.Qe2 Qe7 17.Qxc4 Rc8 18.Rab1 Qe8 19.a5 Nd7 20.Nxd7 Qxd7 21.Qb4 Rab8 22.axb6 Bc6
23.d5 exd5 24.exd5 Ba4 25.b7 Re8 26.Re1 Rxe1+ 27.Rxe1 Qb5 28.Qxb5 Bxb5 29.c4 Bxc4
30.Rc1  1-0

[Event "13th European Seniors"]
[Site "Plovdiv BUL"]
[Date "2013.03.16"]
[Round "6"]
[White "Ljangov,P"]
[Black "Auvinen,E"]
[Result "1-0"]
[WhiteElo "2059"]
[BlackElo "1962"]

1.Nf3 d5 2.d4 Nf6 3.c4 e6 4.g3 Be7 5.Bg2 O-O 6.O-O b6 7.Nc3 Bb7 8.cxd5 Nxd5
9.Nxd5 Bxd5 10.Qc2 c5 11.e4 Bb7 12.Rd1 cxd4 13.Nxd4 Qc8 14.Qb3 Na6 15.Be3 Nc5
16.Qc2 Qe8 17.Rac1 Rc8 18.Qb1 Bf6 19.b4 Bxd4 20.Bxd4 Nd7 21.Rxc8 Qxc8 22.Qb2 e5
23.Bc3 Qc6 24.Qd2 Nf6 25.f3 Qe6 26.Qb2 Re8 27.h4 h6 28.Kh2 Bc8 29.Qb3 Qxb3
30.axb3 Be6 31.Ra1 Re7 32.Bxe5 Bxb3 33.Bxf6 gxf6 34.g4 Rd7 35.Kg3 Rd4 36.b5 Rb4
37.Bf1 Ba4 38.Kf4 Bxb5 39.Bxb5 Rxb5 40.Rxa7 Kg7 41.Ra3 Rb4 42.Rd3 Rb5 43.h5 Kf8
44.Rd8+ Kg7 45.Rd6 Rb3 46.Kg3 Rb2 47.Rc6 Rb3 48.Kf4 Rb4 49.Rd6 Rb3 50.Rd8 Rb4
51.Ke3 Rb3+ 52.Rd3 Rb4 53.Kd2 Kf8 54.Rd8+ Kg7 55.Kc3 Rb1 56.Kc2 Rb4 57.Rd3 Rb5
58.Rb3 Rc5+ 59.Kd3 Rc6 60.Kd4 Kf8 61.Kd5 Rc5+ 62.Kd6 Rc1 63.Kd7 Rc2 64.Rxb6 Kg7
65.Rb3 Rc5 66.Kd6 Ra5 67.Rc3 Rb5 68.Kc6 Re5 69.Rc5 Re8 70.Kd5 Rd8+ 71.Kc4 Rd1
72.Rd5 Rf1 73.Rd3 Rf2 74.Kd4 Ra2 75.Ke3 Ra4 76.Kf4 Ra5 77.Rb3 Rc5 78.Ke3 Ra5
79.Rb8 Ra3+ 80.Kf4 Rc3 81.Rb5 Ra3 82.Rd5 Rb3 83.Kg3 Rc3 84.Kf2 Rb3 85.Ke2 Rb2+
86.Ke3 Rb3+ 87.Kf4 Ra3 88.e5 fxe5+ 89.Rxe5 Kf6 90.Rb5 Ra4+ 91.Kg3 Ra3 92.Rb6+ Kg7
93.Rd6 Rb3 94.Kf4 Ra3 95.Ke4 Ra4+ 96.Rd4 Ra6 97.f4 Re6+ 98.Kf3 Re7 99.g5 hxg5
100.fxg5 Rc7 101.Rd6 Rc3+ 102.Kg4 Rc4+ 103.Kf5 Rc5+ 104.Kf4 Rc4+ 105.Ke5 Rc5+
106.Rd5 Rc7 107.Kf5 Rc1 108.h6+ Kf8 109.Rd8+ Ke7 110.h7 Rf1+ 111.Ke4 Re1+
112.Kf3 Kxd8 113.h8=Q+ Ke7 114.Qf6+ Ke8 115.Qc6+ Kf8 116.Qh6+ Ke8 117.g6 Re6
118.Qh8+ Ke7 119.g7  1-0

[Event "Karpos Open 2013"]
[Site "Skopje MKD"]
[Date "2013.03.16"]
[Round "9.41"]
[White "Valsecchi,A"]
[Black "Djoric,D"]
[Result "1/2-1/2"]
[WhiteElo "2435"]
[BlackElo "2270"]

1.Nf3 Nf6 2.c4 e6 3.g3 d5 4.Bg2 Be7 5.d4 O-O 6.O-O dxc4 7.Qc2 c6 8.Qxc4 b5
9.Qc2 Bb7 10.Rd1 Qb6 11.Nc3 c5 12.dxc5 Bxc5 13.e3 Nbd7 14.a3 Rac8 15.b4 Be7
16.Bb2 Rfd8 17.Qe2 a6 18.e4 Qc7 19.h3 Nb6 20.e5 Nfd7 21.Rac1 Bxf3 22.Bxf3 Nc4  1/2-1/2

[Event "Karpos Open 2013"]
[Site "Skopje MKD"]
[Date "2013.03.16"]
[Round "9.54"]
[White "Sandalakis,A"]
[Black "Krstev,E"]
[Result "0-1"]
[WhiteElo "2401"]
[BlackElo "2126"]

1.d4 d5 2.g3 e6 3.Bg2 Nf6 4.Nf3 Be7 5.c4 O-O 6.O-O Nbd7 7.Qc2 c6 8.Rd1 b5
9.c5 a5 10.Nbd2 Bb7 11.e4 Nxe4 12.Nxe4 dxe4 13.Qxe4 Nxc5 14.Qe2 Nd7 15.Bf4 Qb6
16.Rac1 Rfd8 17.Be3 Qa6 18.h4 Rac8 19.h5 b4 20.Qc2 h6 21.Ne1 Nf6 22.Bf3 Nd5
23.Be2 Qa8 24.Nd3 Nxe3 25.fxe3 c5 26.Nxc5 Bh1 27.Ba6 Rc7 28.Bd3 Bf3 29.Rf1 Bxh5
30.Bh7+ Kh8 31.Be4 Qc8 32.g4 Bxg4 33.Qg2 Bxc5 34.dxc5 Bf5 35.c6 Bxe4 36.Qxe4 Rd5
37.Rf2 Rxc6 38.Rcf1 Rg5+ 39.Kh1 Rc4  0-1

[Event "Karpos Open 2013"]
[Site "Skopje MKD"]
[Date "2013.03.16"]
[Round "9.56"]
[White "Zupe,M"]
[Black "Ilic,SloS2"]
[Result "0-1"]
[WhiteElo "2308"]
[BlackElo "2109"]

1.d4 Nf6 2.Nf3 e6 3.c4 d5 4.g3 Be7 5.Bg2 O-O 6.Qc2 Nbd7 7.O-O c6 8.Nbd2 b6
9.e4 Bb7 10.b3 Rc8 11.Bb2 c5 12.e5 Ne8 13.dxc5 bxc5 14.cxd5 Bxd5 15.Nc4 Qc7
16.Nfd2 Qb8 17.Bxd5 exd5 18.Ne3 Nxe5 19.Nxd5 Bd8 20.Rfe1 Nd7 21.Nc4 Qa8 22.Rad1 Ndf6
23.Qf5 Nxd5 24.Rxd5 g6 25.Qd3 Ng7 26.Qc3 f6 27.Rd7 Nf5 28.Nd6 Qd5 29.Rd1 Qxd1+  0-1

[Event "86th ch-St Petersburg"]
[Site "St Petersburg RUS"]
[Date "2013.03.16"]
[Round "6.6"]
[White "Goganov,A"]
[Black "Usmanov,V"]
[Result "1-0"]
[WhiteElo "2556"]
[BlackElo "2369"]

1.d4 d5 2.c4 e6 3.Nf3 Nf6 4.g3 Be7 5.Bg2 O-O 6.O-O dxc4 7.Qa4 a6 8.Qxc4 b5
9.Qc2 Bb7 10.Bd2 h6 11.a3 Bd6 12.Nh4 Bxg2 13.Kxg2 Qc8 14.e4 Qb7 15.Re1 Nc6
16.Nf3 e5 17.dxe5 Nxe5 18.Nxe5 Bxe5 19.Bc3 Rfe8 20.Bxe5 Rxe5 21.Nc3 Rae8
22.f3 c5 23.Rad1 c4 24.Rd6 Nd7 25.Qd2 Nc5 26.Qd4 Nd3 27.Re2 Nc1 28.Re3 Nb3
29.Qb6 Qxb6 30.Rxb6 R5e6 31.Nd5 Rd8 32.Rxe6 fxe6 33.Nc3 Nc1 34.Re1 Rd2+ 35.Kg1 Nd3
36.Re2 Rxe2 37.Nxe2 Nxb2 38.Kf2 Kf7 39.Ke3 e5 40.f4 Ke6 41.Nc3 Nd3 42.f5+ Kd6
43.g4 Ne1 44.Ke2 Nc2 45.h4 Nxa3 46.Nd5 Nc2 47.h5 a5 48.g5 Nd4+ 49.Ke3 Nxf5+
50.exf5 Kxd5 51.g6 Kc5 52.f6 gxf6 53.g7 a4 54.g8=Q Kb4 55.Qf8+ Kb3 56.Qxh6 f5
57.Qb6 b4 58.h6 f4+ 59.Ke4 c3 60.h7  1-0

[Event "Bundesliga 2012-13"]
[Site "Hamburg GER"]
[Date "2013.03.17"]
[Round "12"]
[White "Wagner,De"]
[Black "Berger,Stev"]
[Result "0-1"]
[WhiteElo "2456"]
[BlackElo "2400"]

1.d4 e6 2.c4 Nf6 3.Nf3 d5 4.g3 Be7 5.Bg2 O-O 6.O-O dxc4 7.Qc2 a6 8.a4 Bd7
9.Qxc4 Bc6 10.Bf4 Bd6 11.Bg5 Nbd7 12.Nc3 h6 13.Bxf6 Nxf6 14.Rfd1 a5 15.Ne5 Bxg2
16.Kxg2 c6 17.Nd3 Qe7 18.e4 Bb4 19.f3 Nd7 20.Nxb4 Qxb4 21.Qxb4 axb4 22.Ne2 c5
23.b3 Rfc8 24.Rdc1 Kf8 25.f4 Rc7 26.Kf3 Rac8 27.Rc4 b6 28.Rac1 Nb8 29.g4 Nc6
30.dxc5 bxc5 31.R4c2 Na5 32.Nd4 c4 33.bxc4 b3 34.Rc3 b2 35.Rb1 Rxc4 36.Rxc4 Nxc4
37.Ke2 Ra8 38.Kd3 Rxa4 39.Ne2 Ra1 40.Nc3 Rxb1 41.Nxb1 Nd6 42.Nd2 f5 43.Kc2 fxg4
44.Kxb2 e5 45.fxe5 Nf7 46.Kc3 Ke7 47.Kd4 Ke6 48.Ke3 g5 49.Nb3 Nxe5 50.Nd4+ Kf6
51.Kf2 h5 52.Ke3 h4 53.Nf5 g3 54.hxg3 Ng4+ 55.Kf3 h3 56.Nd4 Ne3 57.e5+ Kg6
58.Kxe3 h2  0-1

[Event "Bundesliga 2012-13"]
[Site "Hamburg GER"]
[Date "2013.03.17"]
[Round "12"]
[White "Ernst,S"]
[Black "Buhmann,R"]
[Result "1/2-1/2"]
[WhiteElo "2554"]
[BlackElo "2584"]

1.c4 e6 2.d4 Nf6 3.Nf3 d5 4.g3 Be7 5.Bg2 O-O 6.O-O c6 7.Qc2 Nbd7 8.Nbd2 b6
9.e4 Bb7 10.Re1 dxc4 11.Nxc4 c5 12.Bg5 h6 13.Bxf6 Nxf6 14.e5 Nd5 15.dxc5 Bxc5
16.Qb3 a6 17.Ncd2 Rc8 18.a3 Be7 19.Nd4 Bc5 20.N4f3 b5 21.Rad1 Qb6 22.Ne4 Be7
23.Re2 Rc4 24.Ne1 Rfc8 25.Red2 a5 26.Nc2 a4 27.Qd3 Qc7 28.Nd6 Bxd6 29.exd6 Qxd6
30.Ne3 R4c5 31.b4 axb3 32.Qxb3 Rd8 33.a4 Qa6 34.Nxd5 Bxd5 35.Qb4 Qc6 36.Bxd5 exd5
37.axb5 Rxb5 38.Qa4 Qb7 39.Rd4 g6 40.Qa3 Rb1 41.Qe3 Rxd1+ 42.Rxd1 h5 43.Qd4 Qd7
44.Re1 Rc8 45.Rd1 Rd8 46.Re1 Qc6 47.h4 Qc4 48.Qf6 Ra8 49.Kh2 Qg4 50.Re7 Rf8
51.Re5 d4  1/2-1/2

[Event "TCh-SUI 2013"]
[Site "Switzerland SUI"]
[Date "2013.03.17"]
[Round "1.7"]
[White "Gaehwiler,G"]
[Black "Duport,N SUI"]
[Result "1-0"]
[WhiteElo "2275"]
[BlackElo "2250"]

1.Nf3 Nf6 2.d4 e6 3.g3 d5 4.c4 Be7 5.Bg2 O-O 6.O-O dxc4 7.Qc2 a6 8.Qxc4 b5
9.Qc2 Bb7 10.Bd2 Ra7 11.Rc1 Be4 12.Qb3 Nc6 13.e3 Qa8 14.Qd1 b4 15.Be1 Rd8
16.Nbd2 Bd5 17.Qe2 Ne4 18.Nxe4 Bxe4 19.Nh4 Bxg2 20.Nxg2 a5 21.Rc4 Nb8 22.Rac1 Bd6
23.e4 Nd7 24.Bd2 e5 25.d5 Re8 26.Ne3 Qd8 27.Rc6 h6 28.Nf5 Nf6 29.f3 Ra8 30.Qg2 Nh7
31.Qh3 Qf6 32.Be3 Red8 33.Qg4 Kh8 34.Qh4 Qxh4 35.Nxh4 Ng5 36.Kf2 g6 37.Ng2 Kg7
38.Bc5 f6 39.Ne3 Nf7 40.Nc4 h5 41.Nxd6 cxd6 42.Bb6 Rd7 43.Rc8 Ra6 44.R1c6 f5
45.Be3  1-0

[Event "Women Star Rapid 2013"]
[Site "Huashan City CHN"]
[Date "2013.03.18"]
[Round "3.4"]
[White "Harika,D"]
[Black "Kosintseva,T"]
[Result "1/2-1/2"]
[WhiteElo "2510"]
[BlackElo "2517"]

1.Nf3 d5 2.c4 e6 3.g3 Nf6 4.Bg2 Be7 5.d4 O-O 6.O-O dxc4 7.Qc2 a6 8.a4 Bd7
9.Rd1 Bc6 10.Nc3 Bxf3 11.Bxf3 Nc6 12.Bxc6 bxc6 13.Bg5 Rb8 14.Rac1 Nd5 15.Bxe7 Qxe7
16.Ne4 Rb4 17.Nd2 c5 18.Nxc4 cxd4 19.Ne5 Rb6 20.Nc6 Qf6 21.Nxd4 Rb4 22.Qd2 Rb7
23.b3 Nb4 24.Rc4 a5 25.Nb5 c6 26.Nd6 Rbb8 27.Ne4 Qe7 28.Rd4 Nd5 29.Qc2 Rfc8
30.Nc5 e5 31.R4d2 g6 32.e4 Nb4 33.Qc4 Rd8 34.Rd7 Rxd7 35.Rxd7 Qf6 36.Kg2 Rd8
37.Rxd8+ Qxd8 38.h4 h5 39.Qc3 Qe7 40.Nd3 Nxd3 41.Qxd3 Qb4 42.Qc2 c5 43.Qd3 Qd4
44.Qc4 Kg7 45.Qc2 Kf6 46.Qc4 Ke7 47.Qc2 Ke6 48.Qc4+ Ke7 49.Qc2 Ke6 50.Qc4+ Ke7  1/2-1/2

[Event "13th European Seniors"]
[Site "Plovdiv BUL"]
[Date "2013.03.18"]
[Round "8"]
[White "Kurka,Dieter"]
[Black "Auvinen,E"]
[Result "1-0"]
[WhiteElo "2079"]
[BlackElo "1962"]

1.d4 Nf6 2.c4 e6 3.g3 d5 4.Nf3 Be7 5.Bg2 O-O 6.O-O b6 7.cxd5 Nxd5 8.e4 Nf6
9.Qc2 Bb7 10.Nc3 c5 11.Rd1 cxd4 12.Nxd4 Qc8 13.Bf4 a6 14.Rac1 Rd8 15.Qe2 Nc6
16.Be3 Bc5 17.Nxc6 Rxd1+ 18.Nxd1 Bxc6 19.Bxc5 bxc5 20.Rxc5 Qb7 21.Nc3 Nd7
22.Ra5 Qb6 23.Ra3 Nc5 24.Qc4 Rd8 25.b4 Nd3 26.Nd1 Qxb4 27.Rxd3 Rxd3 28.Qxd3  1-0

[Event "TCh-AUT 2012-13"]
[Site "St.Veit AUT"]
[Date "2013.03.21"]
[Round "8.3"]
[White "Horvath,Cs1"]
[Black "Buhmann,R"]
[Result "1/2-1/2"]
[WhiteElo "2514"]
[BlackElo "2594"]

1.d4 Nf6 2.c4 e6 3.Nf3 d5 4.g3 Be7 5.Bg2 O-O 6.O-O c6 7.b3 b6 8.Bb2 Bb7 9.Nc3 Nbd7
10.Qd3 Rc8 11.Rac1 Rc7 12.cxd5 cxd5 13.Ne5 Nxe5 14.dxe5 Nd7 15.Qd2 Nxe5 16.Nxd5 Bxd5
17.Bxe5 Rxc1 18.Rxc1 Bxg2 19.Qxd8 Rxd8 20.Kxg2 Bc5 21.Bf4 f6 22.Kf3 Kf7 23.Be3 Bd6
24.h3 Ke7 25.a4 Rd7 26.Rc8 Rd8 27.Rxd8 Kxd8 28.g4 Kd7 29.Ke4 g6 30.f3 Kc6
31.Bd4  1/2-1/2

[Event "I Montcada Closed"]
[Site "Montcada i Reixac ESP"]
[Date "2013.03.22"]
[Round "9.5"]
[White "Cruz,Cr"]
[Black "Camacho Collados,J"]
[Result "1/2-1/2"]
[WhiteElo "2505"]
[BlackElo "2330"]

1.c4 e6 2.d4 d5 3.Nf3 Nf6 4.g3 Be7 5.Bg2 O-O 6.O-O c6 7.Nc3 Nbd7 8.Bf4 Nh5
9.Bc1 Nhf6 10.Bf4 Nh5 11.Bc1 Nhf6  1/2-1/2

[Event "44th Marcel Duchamp"]
[Site "Buenos Aires ARG"]
[Date "2013.03.23"]
[Round "1.16"]
[White "Perelman,H"]
[Black "Salvatierra,Matias"]
[Result "1-0"]
[WhiteElo "2363"]
[BlackElo "1912"]

1.d4 d5 2.Nf3 e6 3.c4 Nf6 4.g3 Be7 5.Bg2 O-O 6.O-O c5 7.cxd5 Nxd5 8.dxc5 Bxc5
9.a3 Nc6 10.Qc2 Be7 11.Rd1 Bd7 12.e4 Nf6 13.Bf4 Qa5 14.Nc3 Rfd8 15.b4 Qb6
16.e5 Ne8 17.Na4 Qc7 18.Nc5 Rac8 19.Nxd7 Rxd7 20.Rxd7 Qxd7 21.Rd1 Qc7 22.Ra1 Bd8
23.Qe4 Qd7 24.Ng5 Bxg5 25.Bxg5 Nc7 26.Bf3 a6 27.Rd1 Qe8 28.h4 h6 29.Be3 Nd5
30.Bd2 Rd8 31.Re1 Nce7 32.h5 Kh8 33.Bd1 Qc6 34.Bc2 f5 35.exf6 Nxf6 36.Qxc6 Nxc6
37.Bc3 Nd5 38.Bb2 Nc7 39.Bg6 Kg8 40.Kg2 Ne7 41.Be4 Ned5 42.Bd3 Kf7 43.Rc1 Rd7
44.Rc4 Nb5 45.Be4 Kf8 46.Rc8+ Ke7 47.Bxg7 Nxa3 48.Bxh6 Kf6 49.Bc1 Nb5 50.Bb2+ e5
51.Rc5 Nxb4 52.Bxe5+ Ke6 53.Bf4 Rd8 54.Re5+ Kf7 55.Bg6+ Kg7 56.Re7+ Kf6 57.Rxb7 Nd5
58.Rf7+ Ke6 59.Bg5 Ra8 60.Rb7 Nd6 61.Rb2 a5 62.Re2+ Kd7 63.h6 a4 64.h7 a3
65.Be8+ Rxe8  1-0

[Event "TCh-CZE Extraliga 2012-13"]
[Site "Czech Republic CZE"]
[Date "2013.03.23"]
[Round "7.7"]
[White "Cech,P"]
[Black "Zpevak,P"]
[Result "1/2-1/2"]
[WhiteElo "2376"]
[BlackElo "2379"]

1.d4 Nf6 2.c4 e6 3.g3 d5 4.Nf3 Be7 5.Bg2 O-O 6.O-O c6 7.Nbd2 b6 8.Qc2 Ba6
9.b3 Nbd7 10.Bb2 Rc8 11.Rac1 c5 12.Qb1 Bb7 13.Rfd1 Qc7 14.cxd5 exd5 15.dxc5 bxc5
16.b4 Qb6 17.bxc5 Bxc5 18.e3 Rfe8 19.Bd4 Ba6 20.Bxc5 Nxc5 21.Qxb6 axb6 22.Bh3 Ra8
23.Nd4 Nfe4 24.Nxe4 dxe4 25.Rd2 Bd3 26.Rb2 Ra6 27.Nc6 Rea8 28.Nb4 Ra3 29.Bg4 g6
30.Bd1 Kg7 31.h4 h6 32.Kg2 Kg8 33.Nd5 Rxa2 34.Rxa2 Rxa2 35.Nxb6 Rb2 36.Nd5 Rb1
37.Rxb1 Bxb1 38.h5 Kg7 39.hxg6 fxg6 40.Bg4 Ba2 41.Nc3 Bc4 42.f4 exf3+ 43.Kxf3 h5
44.Bc8 Kf6 45.Ne4+ Nxe4 46.Kxe4 g5 47.Kd4 Be6 48.Bb7  1/2-1/2

[Event "3rd HD Bank Cup 2013"]
[Site "Ho Chi Minh City VIE"]
[Date "2013.03.23"]
[Round "7.28"]
[White "Chu Wei Chao"]
[Black "Medina,W"]
[Result "0-1"]
[WhiteElo "2243"]
[BlackElo "2325"]

1.d4 Nf6 2.c4 e6 3.Nf3 d5 4.g3 Be7 5.Bg2 O-O 6.O-O dxc4 7.Qa4 a6 8.Qxc4 b5
9.Qc2 Bb7 10.Bd2 Nbd7 11.Ba5 Nb6 12.Nbd2 Rc8 13.b4 Bxf3 14.Bxf3 Qxd4 15.Rac1 Bxb4
16.Nb3 Qd6 17.Rfd1 Nbd5 18.e4 Bxa5 19.Nxa5 Qa3 20.exd5 Qxf3 21.d6 cxd6 22.Qxc8 Qxd1+
23.Rxd1 Rxc8 24.Rxd6 Ra8 25.a3 Kf8 26.h4 Ke7 27.Rb6 Nd5 28.Rb7+ Kf6 29.Nc6 Rc8
30.Nb4 Nxb4 31.axb4 Rc4 32.Rb6 h6 33.Rxa6 g5 34.hxg5+ hxg5 35.Kf1 Ke5 36.Ke2 Rxb4
37.Rb6 g4 38.Rb7 f5 39.Rd7 Ke4  0-1

[Event "3rd HD Bank Cup 2013"]
[Site "Ho Chi Minh City VIE"]
[Date "2013.03.23"]
[Round "7.43"]
[White "Tran,Minh Thang"]
[Black "Le Kieu Thien Kim"]
[Result "1/2-1/2"]
[WhiteElo "2085"]
[BlackElo "2234"]

1.d4 Nf6 2.Nf3 e6 3.g3 d5 4.Bg2 Be7 5.c4 dxc4 6.Qa4+ Bd7 7.Qxc4 Bc6 8.Nc3 O-O
9.O-O a6 10.Qd3 b5 11.a3 Nbd7 12.Bf4 Nd5 13.Rfd1 f5 14.Ne5 Nxf4 15.gxf4 Bxg2
16.Kxg2 Bd6 17.Qf3 Nf6 18.Rd3 Qe8 19.Rad1 a5 20.a4 bxa4 21.Ra1 Rb8 22.Rxa4 Rxb2
23.Rxa5 Bb4 24.Ra6 Bxc3 25.Rxc3 Nd5 26.Rc5 Rb6 27.Ra7 Qb8 28.Ra1 Qb7 29.Nd7 Rb3
30.e3 Rd8 31.Rxd5 Qxd5 32.Nc5 Rb6 33.Nd3 h6 34.Rc1 Rb3 35.Ne5 Qxf3+ 36.Nxf3 Rb7
37.Ne5 Rd6 38.h4 Ra6 39.h5 Ra2 40.Nc4 Rb4 41.Kg3 Kh7 42.Kf3 Ra6 43.Ne5 Rb2
44.Rxc7 Raa2 45.Nd3 Rd2 46.Rc3 Ra1 47.Kg2 Rad1 48.Ne5 Ra2 49.Rc8 Rdd2 50.Ng6 Rxf2+
51.Kg1 Rg2+ 52.Kf1 Rxg6 53.hxg6+ Kxg6 54.Rc6 Kf7 55.Rc7+ Kf6 56.Rc6 Ra5 57.Kf2 g5
58.fxg5+ hxg5 59.Kf3 g4+ 60.Kf4 Ra1 61.e4 Rf1+ 62.Kg3 Rf3+ 63.Kg2 Rf4 64.exf5 Kxf5
65.Rd6 Re4 66.Rd8 Kf4 67.d5 exd5 68.Rxd5 Re2+ 69.Kg1 Kg3 70.Rd3+ Kh4 71.Ra3 Rb2
72.Rc3 Rb1+ 73.Kg2 Rb2+ 74.Kg1 g3 75.Rc8 Rb4 76.Rh8+ Kg4 77.Kg2  1/2-1/2

[Event "25th Metropolitan IM"]
[Site "Los Angeles USA"]
[Date "2013.03.23"]
[Round "8"]
[White "Duckworth,W"]
[Black "Akopyan,H"]
[Result "1/2-1/2"]
[WhiteElo "2256"]
[BlackElo "2211"]

1.d4 Nf6 2.c4 e6 3.g3 d5 4.Nf3 Be7 5.Bg2 O-O 6.O-O c6 7.Nbd2 b6 8.Qc2 Bb7
9.b3 Nbd7 10.Bb2 Qc7 11.e4 dxe4 12.Nxe4 Nxe4 13.Qxe4 Nf6 14.Qe2 c5 15.Rad1 cxd4
16.Nxd4 Bxg2 17.Kxg2 Rad8 18.Qf3 Rc8 19.Rd3 a6 20.Rfd1  1/2-1/2